| 000 | 00702nam a22002177a 4500 | ||
|---|---|---|---|
| 999 |
_c7410 _d7410 |
||
| 003 | AR-CdUCM | ||
| 008 | 190320b ||||| |||| 00| 0 spa d | ||
| 040 |
_aMUNICIPALIDAD PROVINCIAL DEL CUSCO _cBIBLIOTECA MUNICIPAL DEL CUSCO |
||
| 082 |
_a869.333 / _bN44 |
||
| 100 |
_aNeruda, Pablo _92359 |
||
| 245 | _aObras escogidas / | ||
| 260 |
_aSantiago de Chile : _bAndres Bello, _c1972. |
||
| 300 |
_a789 páginas ; _c23 cm. |
||
| 500 | _aTomo II: 715 páginas | ||
| 650 |
_aPoesia chilena _95520 |
||
| 650 |
_aRicardo Eliécer Neftalí Reyes Basoalto _920899 |
||
| 650 |
_a Premio Nobel de Literatura _920900 |
||
| 700 |
_aColoane, Francisco (selección) _920901 |
||
| 942 |
_2ddc _cLIBROS |
||
| 945 | _aafb | ||